Development of aqueous rubber/metal adhesives taking into account the laws on protection of the environment (Record no. 56985)

MARC details
000 -LEADER
fixed length control field 00426nam a2200121Ia 4500
100 ## - MAIN ENTRY--AUTHOR NAME
Personal name Ozelli R N
245 #0 - TITLE STATEMENT
Title Development of aqueous rubber/metal adhesives taking into account the laws on protection of the environment
260 ## - PUBLICATION, DISTRIBUTION, ETC. (IMPRINT)
Name of publisher Proceedings of the International Rubber Conference, Venice, 1979; p887-890
650 ## - SUBJECT ADDED ENTRY--TOPICAL TERM
Topical Term Adhesives
650 ## - SUBJECT ADDED ENTRY--TOPICAL TERM
Topical Term Aqueous rubber
942 ## - ADDED ENTRY ELEMENTS (KOHA)
Koha item type Journals
Holdings
Withdrawn status Lost status Damaged status Not for loan Home library Current library Shelving location Date acquired Koha item type
      Journals RRII Library RRII Library Rubber chemistry 17/12/2021 Journals